[Event "Landesklasse Ost 2024/25"]
[Site "?"]
[Date "2024.11.24"]
[Round "3.6"]
[White "Grkinic, Goran"]
[Black "Große, Frank"]
[Result "1-0"]
[WhiteElo "1863"]
[BlackElo "1769"]
[PlyCount "129"]
[EventDate "2024.09.15"]
[EventType "team-tourn"]
[EventRounds "9"]
[WhiteTeam "SG Arnstadt-Stadtilm"]
[BlackTeam "Meuselwitzer SV"]

1. c4 e5 2. Nc3 Nc6 3. g3 f5 4. d3 Bb4 5. Bd2 Nf6 6. Bg2 Bxc3 7. Bxc3 d6 8. e3 O-O 9. Ne2 Qe8 10. b4 Rb8 11. b5 Nd8 12. Qa4 a6 13. Rb1 b6 14. Qc2 a5 15. O-O Bb7 16. Bxb7 Nxb7 17. d4 Ne4 18. Rbe1 Qe6 19. f3 Nxc3 20. Qxc3 Rbe8 21. Nc1 e4 22. f4 Qf6 23. Qb3 Kh8 24. Ne2 Nd8 25. Nc3 Ne6 26. Rf2 g6 27. Nd5 Qf7 28. Qb2 Kg8 29. Rg2 Qd7 30. Qe2 Ng7 31. Kh1 Kh8 32. Reg1 Re6 33. h3 Rf7 34. g4 Qd8 35. Qb2 Qh4 36. Rh2 Qd8 37. Nc3 Re8 38. Ne2 Qd7 39. d5 Qe7 40. Nd4 Qf6 41. Rg3 Ref8 42. g5 Qe7 43. Ne6 Rc8 44. h4 Kg8 45. Nxg7 Rxg7 46. h5 gxh5 47. Rxh5 Rg6 48. Rgh3 Qg7 49. Qxg7+ Rxg7 50. g6 Rf8 51. Rxh7 Rxg6 52. Rxc7 Rf7 53. Rh8+ Kg7 54. Rh7+ Kxh7 55. Rxf7+ Kh6 56. Kh2 Kh5 57. Rb7 Kg4 58. Kg2 Kh4+ 59. Kf2 Kh3 60. Rh7+ Kg4 61. Ke2 Kg3 62. Rh1 Kg2 63. Rh5 Rf6 64. Rg5+ Kh3 65. Kd2 1-0

[Event "Landesklasse Ost 2024/25"]
[Site "?"]
[Date "2024.11.24"]
[Round "3.7"]
[White "Schmidt, Jörg"]
[Black "Degel, Steven"]
[Result "1-0"]
[WhiteElo "1702"]
[BlackElo "1590"]
[PlyCount "111"]
[EventDate "2024.09.15"]
[EventType "team-tourn"]
[EventRounds "9"]
[WhiteTeam "Meuselwitzer SV"]
[BlackTeam "SG Arnstadt-Stadtilm"]

{[%evp 0,111,24,24,52,46,40,46,27,23,91,53,66,24,4,-8,9,2,2,-11,-10,-23,-4,-5,-5,-38,-2,6,7,3,5,14,1,-32,-14,-18,38,12,16,0,70,4,29,6,42,0,68,62,72,4,38,34,28,37,43,30,58,-5,24,61,110,101,128,87,80,66,53,65,158,76,37,50,72,46,53,18,0,0,0,0,0,0,41,42,46,0,47,0,525,694,737,737,950,898,952,882,936,206,201,167,1055,1104,1124,1055,1093,1134,1144,1152,1200,1245,29995,29996,29997,29996]} 1. e4 c5 2. Nf3 Nc6 3. d4 cxd4 4. Nxd4 g6 5. Be3 Bg7 6. c3 Nf6 7. Bd3 d5 8. Nd2 O-O 9. O-O Ng4 10. exd5 Nxe3 11. fxe3 Qxd5 12. Bc4 Qg5 13. Qe2 Ne5 14. N2f3 Nxf3+ 15. Nxf3 Qc5 16. Kh1 Bg4 17. Rad1 e5 18. e4 Rac8 19. Bb3 a5 20. Rd5 Qc7 21. Rd3 b5 22. a3 Qe7 23. h3 Be6 24. Bd5 Bxd5 25. Rxd5 b4 26. axb4 axb4 27. c4 b3 28. Qd3 Qb4 29. Rc1 Rb8 30. Nxe5 Rb7 31. Nc6 Qa4 32. Nd4 Rc8 33. e5 Rb4 34. c5 Bxe5 35. Rxe5 Rxd4 36. Qe3 Rc4 37. Rxc4 Qxc4 38. Re8+ Rxe8 39. Qxe8+ Kg7 40. Qe5+ Kh6 41. Kh2 f5 42. Qd6 Qc1 43. c6 Kh5 44. c7 Qc4 45. Qe5 Qc2 46. Qf4 g5 47. Qe5 Qc6 48. Qe7 Kg6 49. Qd8 Qc1 50. Qe8+ Kf6 51. c8=Q Qf4+ 52. Kg1 Qd4+ 53. Kf1 Qf4+ 54. Ke2 g4 55. Qce6+ Kg5 56. Q8e7+ 1-0

[Event "Landesklasse Ost 2024/25"]
[Site "?"]
[Date "2024.11.24"]
[Round "3.8"]
[White "Scheller, Thomas"]
[Black "Schmidt, Jens"]
[Result "1/2-1/2"]
[WhiteElo "1620"]
[BlackElo "1721"]
[PlyCount "39"]
[EventDate "2024.09.15"]
[EventType "team-tourn"]
[EventRounds "9"]
[WhiteTeam "SG Arnstadt-Stadtilm"]
[BlackTeam "Meuselwitzer SV"]

{[%evp 0,39,19,24,21,24,26,-10,45,10,20,2,0,-7,-14,-31,-16,-49,-26,-26,-21,-32,-9,-9,-16,-24,-13,-13,-9,-5,-5,-15,20,25,48,-5,55,30,33,31,33,62]} 1. d4 d5 2. Nf3 Nf6 3. g3 c6 4. Bg2 h6 5. Nbd2 Bf5 6. O-O e6 7. Re1 Bd6 8. a3 O-O 9. c4 Nbd7 10. b3 e5 11. dxe5 Nxe5 12. Nd4 Bh7 13. cxd5 Nxd5 14. Bb2 Re8 15. Rc1 Rc8 16. N4f3 Qe7 17. b4 a6 18. Nxe5 Bxe5 19. Bxe5 Qxe5 20. Nc4 1/2-1/2

[Event "Landesklasse Ost 2024/25"]
[Site "?"]
[Date "2024.11.24"]
[Round "3.1"]
[White "Tobal, Elias"]
[Black "Albrecht, Jürgen"]
[Result "0-1"]
[WhiteElo "1955"]
[BlackElo "1965"]
[PlyCount "72"]
[EventDate "2024.09.15"]
[EventType "team-tourn"]
[EventRounds "9"]
[WhiteTeam "SC Turm Erfurt"]
[BlackTeam "SSV Vimaria 91 Weimar 2"]

1. e4 c5 2. Nf3 Nc6 3. d4 cxd4 4. Nxd4 Nf6 5. Nc3 e5 6. Ndb5 d6 7. Nd5 Nxd5 8. exd5 Nb8 9. c3 Be7 10. Be3 a6 11. Na3 Nd7 12. f4 exf4 13. Bxf4 O-O 14. Be2 Nf6 15. Nc4 b5 16. Ne3 Qb6 17. Qd3 Re8 18. O-O-O Bf8 19. Bf3 Nd7 20. Rhe1 Ne5 21. Bxe5 Rxe5 22. Nc2 Bf5 23. Qd4 Qa5 24. Nb4 g6 25. Qh4 Rc8 26. Rxe5 dxe5 27. Kd2 Rc4 28. Nc6 Qxa2 29. Ne7+ Bxe7 30. Qxe7 Qxb2+ 31. Ke1 Qxc3+ 32. Kf1 Qe3 33. Be2 Rc2 34. Re1 Rxe2 35. Rxe2 Bd3 36. g3 Qxe2+ 0-1

[Event "Landesklasse Ost 2024/25"]
[Site "?"]
[Date "2024.11.24"]
[Round "3.2"]
[White "Weiß, Thomas"]
[Black "McLeod, Andrew"]
[Result "1/2-1/2"]
[WhiteElo "1947"]
[BlackElo "1838"]
[PlyCount "118"]
[EventDate "2024.09.15"]
[EventType "team-tourn"]
[EventRounds "9"]
[WhiteTeam "SSV Vimaria 91 Weimar 2"]
[BlackTeam "SC Turm Erfurt"]

1. d4 Nf6 2. c4 e6 3. Nf3 d5 4. Nc3 c5 5. cxd5 Nxd5 6. e4 Nxc3 7. bxc3 cxd4 8. cxd4 Bb4+ 9. Bd2 Bxd2+ 10. Qxd2 O-O 11. Bc4 Nd7 12. O-O b6 13. e5 Bb7 14. Ng5 Qe7 15. Rfe1 Rac8 16. Rac1 h6 17. Ne4 Bxe4 18. Rxe4 Qg5 19. Rf4 Rfd8 20. h4 Qe7 21. Ba6 Rxc1+ 22. Qxc1 Nb8 23. Be2 Rd7 24. Rg4 Kh8 25. Bf3 Qd8 26. Qf4 Na6 27. Qg3 Qf8 28. Bc6 Rd8 29. Bb7 Nc7 30. Qc3 Qe7 31. Be4 Nb5 32. Qg3 Nxd4 33. Kh2 Qf8 34. h5 Nb5 35. Bb1 Nc7 36. f4 Nd5 37. f5 exf5 38. Bxf5 Nc7 39. Bc2 Ne6 40. Qf2 Rc8 41. Qf5 Qg8 42. Bb3 Rc5 43. Bxe6 fxe6 44. Qf3 Rxe5 45. Rg6 Rf5 46. Qe2 Qf7 47. Kg1 Kh7 48. Rxe6 Rf1+ 49. Qxf1 Qxe6 50. Qd3+ Kh8 51. Qd8+ Kh7 52. Qd3+ Kh8 53. Qd8+ Qg8 54. Qd2 Qe8 55. Qd5 Qc8 56. Kh2 a5 57. a4 Qc7+ 58. Kh3 Qc3+ 59. Kh2 Qc7+ 1/2-1/2

[Event "Landesklasse Ost 2024/25"]
[Site "?"]
[Date "2024.11.24"]
[Round "3.3"]
[White "Schade, Holger"]
[Black "Günther, Arthur"]
[Result "0-1"]
[WhiteElo "1770"]
[BlackElo "1845"]
[PlyCount "89"]
[EventDate "2024.09.15"]
[EventType "team-tourn"]
[EventRounds "9"]
[WhiteTeam "SC Turm Erfurt"]
[BlackTeam "SSV Vimaria 91 Weimar 2"]

1. d4 d5 2. c4 e6 3. Nc3 f5 4. g3 Nf6 5. Bg2 c6 6. a4 Bd6 7. cxd5 exd5 8. Nf3 O-O 9. O-O Nbd7 10. e3 Ne4 11. Nd2 Ndf6 12. f3 Ng5 13. f4 Nge4 14. Nf3 b6 15. Ne5 Ba6 16. Re1 Rc8 17. Bf1 Bxf1 18. Rxf1 Qe7 19. Qd3 c5 20. Nb5 cxd4 21. Nxd6 Qxd6 22. exd4 Qc7 23. b4 Qc2 24. Be3 Qxd3 25. Nxd3 Rc3 26. Rfd1 Ng4 27. Bc1 Rfc8 28. Ne5 Ngf2 29. Re1 Nd3 30. Nxd3 Rxd3 31. Be3 Rcc3 32. Bf2 Nxf2 33. Kxf2 Rxd4 34. Re8+ Kf7 35. Rd8 Rd2+ 36. Kg1 Rc7 37. Re1 d4 38. Rd5 g6 39. a5 bxa5 40. bxa5 d3 41. a6 Kg7 42. Rb5 Rcc2 43. Rb7+ Kh6 44. Rd7 Rg2+ 45. Kf1 0-1

[Event "Landesklasse Ost 2024/25"]
[Site "?"]
[Date "2024.11.24"]
[Round "3.4"]
[White "Günther, Andreas"]
[Black "Strohner, Maximilian"]
[Result "1/2-1/2"]
[WhiteElo "2073"]
[BlackElo "1713"]
[PlyCount "119"]
[EventDate "2024.09.15"]
[EventType "team-tourn"]
[EventRounds "9"]
[WhiteTeam "SSV Vimaria 91 Weimar 2"]
[BlackTeam "SC Turm Erfurt"]

1. b3 e5 2. Bb2 Nc6 3. e3 Nf6 4. Bb5 Bd6 5. Na3 Na5 6. Be2 a6 7. c4 O-O 8. Nc2 c5 9. d4 Nc6 10. Nf3 cxd4 11. exd4 Qa5+ 12. Kf1 e4 13. Nd2 Bf4 14. b4 Qg5 15. h4 Qh6 16. Bc1 e3 17. fxe3 Bxe3 18. Nxe3 Qxe3 19. Nf3 Qe7 20. d5 Ne5 21. d6 Qe6 22. Qd4 Neg4 23. Ng5 Qf5+ 24. Qf4 Qxf4+ 25. Bxf4 h6 26. Nh3 b6 27. Bf3 Rb8 28. Nf2 Nxf2 29. Kxf2 Bb7 30. Bxb7 Rxb7 31. Rhe1 Rbb8 32. Ke3 Rfe8+ 33. Kd4 Re6 34. Rxe6 fxe6 35. a4 Kf7 36. b5 a5 37. Kd3 Ng4 38. Rf1 Kg6 39. Bg3 Rc8 40. Rf3 e5 41. h5+ Kxh5 42. Rf7 e4+ 43. Kd4 Nf6 44. Rxg7 e3 45. Re7 Rg8 46. Re5+ Rg5 47. Rxg5+ Kxg5 48. Kxe3 Kf5 49. Kd4 Ne4 50. Be1 Nc5 51. Kd5 Nxa4 52. c5 Nxc5 53. Bxa5 Na4 54. Be1 h5 55. Bf2 Nc3+ 56. Kc4 Ne4 57. Bxb6 Nxd6+ 58. Kb4 Nxb5 59. Kxb5 h4 60. Bf2 1/2-1/2

[Event "Landesklasse Ost 2024/25"]
[Site "?"]
[Date "2024.11.24"]
[Round "3.5"]
[White "Stöcklein, Paul"]
[Black "Gräf, Michael"]
[Result "1-0"]
[WhiteElo "1634"]
[BlackElo "1843"]
[PlyCount "67"]
[EventDate "2024.09.15"]
[EventType "team-tourn"]
[EventRounds "9"]
[WhiteTeam "SC Turm Erfurt"]
[BlackTeam "SSV Vimaria 91 Weimar 2"]

1. e4 c6 2. d4 d5 3. exd5 cxd5 4. c4 e6 5. Nc3 Nf6 6. Nf3 Nc6 7. cxd5 Nxd5 8. Bd3 Bb4 9. Bd2 Nf6 10. a3 Ba5 11. O-O O-O 12. Bf4 Nd5 13. Bd2 Nf6 14. Bf4 Nd5 15. Bd2 f5 16. Re1 Bb6 17. Bg5 Nf6 18. Qb3 Nxd4 19. Nxd4 Qxd4 20. Re3 Ng4 21. Nb5 Qd7 22. Rf3 Ne5 23. Rg3 Ng4 24. Rf1 Kh8 25. h3 Ne5 26. Bb1 Qd5 27. Qb4 Bd7 28. Nc3 Qc5 29. Qh4 Ng6 30. Qh5 Qa5 31. Be3 f4 32. Rg5 Rf5 33. Bxf5 exf5 34. Bxb6 1-0

[Event "Landesklasse Ost 2024/25"]
[Site "?"]
[Date "2024.11.24"]
[Round "3.6"]
[White "Aweh, Mads"]
[Black "Waldhelm, Bernward"]
[Result "1-0"]
[WhiteElo "722"]
[BlackElo "1606"]
[PlyCount "57"]
[EventDate "2024.09.15"]
[EventType "team-tourn"]
[EventRounds "9"]
[WhiteTeam "SSV Vimaria 91 Weimar 2"]
[BlackTeam "SC Turm Erfurt"]

1. e4 c5 2. Nf3 d6 3. d4 cxd4 4. Nxd4 Nf6 5. Nc3 a6 6. Be3 e5 7. Nf3 Be6 8. Ng5 Be7 9. Nxe6 fxe6 10. Bc4 Qc8 11. Bb3 Nc6 12. Na4 Qc7 13. Nb6 O-O 14. Bxe6+ Kh8 15. Nxa8 Rxa8 16. f3 Rd8 17. c4 d5 18. cxd5 Bb4+ 19. Bd2 Bxd2+ 20. Qxd2 Nd4 21. Rc1 Qb6 22. Bh3 Nh5 23. Rc4 Nf4 24. Rxd4 Qxd4 25. Qxd4 exd4 26. Kd2 Nxh3 27. gxh3 Rf8 28. Rf1 Rf4 29. Kd3 1-0

[Event "Landesklasse Ost 2024/25"]
[Site "?"]
[Date "2024.11.24"]
[Round "3.7"]
[White "Steinert, Gerrit"]
[Black "Krömer, Emanuel"]
[Result "0-1"]
[WhiteElo "1424"]
[BlackElo "1721"]
[PlyCount "150"]
[EventDate "2024.09.15"]
[EventType "team-tourn"]
[EventRounds "9"]
[WhiteTeam "SC Turm Erfurt"]
[BlackTeam "SSV Vimaria 91 Weimar 2"]

1. e4 d5 2. exd5 Qxd5 3. Nc3 Qa5 4. d4 Nf6 5. Nf3 Bg4 6. h3 Bh5 7. g4 Bg6 8. Ne5 Nbd7 9. Nc4 Qa6 10. Bf4 Qe6+ 11. Qe2 Nd5 12. Qxe6 fxe6 13. Nxd5 exd5 14. Ne3 c6 15. Be2 O-O-O 16. O-O Re8 17. c4 e6 18. Rac1 h5 19. cxd5 exd5 20. a3 Re4 21. Bg3 Rxd4 22. Rfd1 Rxd1+ 23. Bxd1 Kd8 24. b4 Nf6 25. Kg2 hxg4 26. hxg4 Ne4 27. Bf4 Bd6 28. Bxd6 Nxd6 29. f3 Kd7 30. Bc2 Bxc2 31. Rxc2 g6 32. Kg3 Nb5 33. a4 Nd4 34. Rd2 Re8 35. Kf2 Ne6 36. Ng2 Ng5 37. Kg3 Re4 38. f4 Nf7 39. Rb2 g5 40. Kf3 gxf4 41. Nxf4 Ne5+ 42. Kg3 Rxf4 43. Kxf4 Nd3+ 44. Kf5 Nxb2 45. a5 d4 46. g5 d3 47. g6 d2 48. g7 d1=Q 49. g8=Q Qd5+ 50. Qxd5+ cxd5 51. Ke5 Kc6 52. Kd4 a6 53. Kc3 Kb5 54. Kxb2 Kxb4 55. Kc2 Kc4 56. Kb2 Kd3 57. Kb3 d4 58. Kb4 Ke2 59. Kc5 d3 60. Kb6 d2 61. Kxb7 d1=Q 62. Kxa6 Qa4 63. Kb6 Qb4+ 64. Ka6 Kd3 65. Ka7 Qxa5+ 66. Kb7 Kd4 67. Kc6 Qc5+ 68. Kd7 Qb6 69. Ke7 Kd5 70. Kf7 Qe6+ 71. Kg7 Qf5 72. Kh6 Qg4 73. Kh7 Ke6 74. Kh6 Kf7 75. Kh7 Qg7# 0-1

[Event "Landesklasse Ost 2024/25"]
[Site "?"]
[Date "2024.11.24"]
[Round "3.8"]
[White "Käckell, Oskar"]
[Black "Grüner, Nico"]
[Result "0-1"]
[WhiteElo "1688"]
[BlackElo "1565"]
[PlyCount "86"]
[EventDate "2024.09.15"]
[EventType "team-tourn"]
[EventRounds "9"]
[WhiteTeam "SSV Vimaria 91 Weimar 2"]
[BlackTeam "SC Turm Erfurt"]

1. d4 Nf6 2. Nf3 g6 3. Nc3 d5 4. Bf4 c6 5. Qd2 Bg7 6. Bh6 O-O 7. Bxg7 Kxg7 8. Ne5 Nbd7 9. h3 Qc7 10. f4 a5 11. e3 a4 12. a3 e6 13. Bd3 c5 14. g4 cxd4 15. exd4 Qb6 16. Bb5 Nb8 17. Qd3 Nc6 18. Nxa4 Rxa4 19. Bxa4 Qa5+ 20. c3 Qxa4 21. Ke2 Nxe5 22. fxe5 Ne4 23. Qe3 Qb5+ 24. Kf3 f6 25. Rhf1 fxe5+ 26. Kg2 Qxb2+ 27. Kg1 Qxc3 28. Qxc3 Rxf1+ 29. Kxf1 Nxc3 30. dxe5 Bd7 31. Rc1 d4 32. Ke1 Bc6 33. Kd2 Ne4+ 34. Kd3 Bd5 35. Kxd4 Kh6 36. Rc7 Nf2 37. Kc5 Nxh3 38. Kb6 Nf4 39. a4 Nd3 40. a5 Nb2 41. Rxb7 Nc4+ 42. Kc7 Bxb7 43. Kxb7 Nxa5+ 0-1

[Event "Landesklasse Ost 2024/25"]
[Site "?"]
[Date "2024.11.24"]
[Round "3.1"]
[White "Greiner, Timo"]
[Black "Berner, Stephan"]
[Result "1-0"]
[WhiteElo "2024"]
[BlackElo "1904"]
[PlyCount "101"]
[EventDate "2024.09.15"]
[EventType "team-tourn"]
[EventRounds "9"]
[WhiteTeam "SV Thuringia Königsee"]
[BlackTeam "SV Empor Erfurt 2"]

1. e4 c5 2. Nf3 Nc6 3. d4 cxd4 4. Nxd4 Nf6 5. Nc3 e5 6. Ndb5 d6 7. Bg5 a6 8. Na3 b5 9. Nd5 Be7 10. Bxf6 Bxf6 11. c3 O-O 12. Nc2 Bg5 13. a4 bxa4 14. Rxa4 Bb7 15. Bc4 Kh8 16. O-O Na5 17. Ba2 Bc6 18. Ra3 Bb5 19. Re1 Nc4 20. Bxc4 Bxc4 21. b3 Bb5 22. c4 Bd7 23. b4 f5 24. exf5 Bxf5 25. Qe2 Ra7 26. Rea1 Qe8 27. Rxa6 Rxa6 28. Rxa6 Qg6 29. Nce3 Bd3 30. Qa2 h6 31. Ra8 Rxa8 32. Qxa8+ Kh7 33. Qa2 Qf7 34. b5 h5 35. b6 Bxe3 36. Nxe3 Qb7 37. Qa7 Be4 38. Qxb7 Bxb7 39. Nf5 d5 40. cxd5 Bxd5 41. Nd6 Kg6 42. b7 Bxb7 43. Nxb7 Kf6 44. Nd6 g5 45. f3 Ke6 46. Ne4 Kf5 47. Ng3+ Kg6 48. Kf2 h4 49. Ne4 Kf5 50. h3 Kf4 51. Nd6 1-0

[Event "Landesklasse Ost 2024/25"]
[Site "?"]
[Date "2024.11.24"]
[Round "3.3"]
[White "Kreutzmann, Henry"]
[Black "Bethge, Johanna"]
[Result "0-1"]
[WhiteElo "1801"]
[BlackElo "1791"]
[PlyCount "72"]
[EventDate "2024.09.15"]
[EventType "team-tourn"]
[EventRounds "9"]
[WhiteTeam "SV Thuringia Königsee"]
[BlackTeam "SV Empor Erfurt 2"]

1. c4 e5 2. Nc3 Nc6 3. Nf3 f5 4. d3 Nf6 5. g3 d5 6. cxd5 Nxd5 7. Bg2 Bb4 8. Bd2 Be6 9. O-O Nxc3 10. bxc3 Be7 11. Qc2 O-O 12. Rab1 Rb8 13. Rfd1 h6 14. Ne1 Qe8 15. f4 Bd6 16. fxe5 Nxe5 17. Bf4 b6 18. Qd2 Rd8 19. Nf3 Nxf3+ 20. Bxf3 c5 21. Bxd6 Rxd6 22. Rb2 Qg6 23. Qf4 Bf7 24. a4 Qf6 25. Rc1 g5 26. Qe3 Re8 27. Qf2 Re5 28. a5 bxa5 29. Rb5 a4 30. Rxc5 a3 31. Rc8+ Kg7 32. Qxa7 Ra6 33. Qb8 a2 34. Ra1 Rea5 35. Qb4 Qb6+ 36. Qxb6 Rxb6 0-1

[Event "Landesklasse Ost 2024/25"]
[Site "?"]
[Date "2024.11.24"]
[Round "3.4"]
[White "Finke, Daniel"]
[Black "Möller, Frank"]
[Result "1-0"]
[WhiteElo "1710"]
[BlackElo "1856"]
[PlyCount "57"]
[EventDate "2024.09.15"]
[EventType "team-tourn"]
[EventRounds "9"]
[WhiteTeam "SV Empor Erfurt 2"]
[BlackTeam "SV Thuringia Königsee"]

{[%evp 0,57,19,28,44,49,65,76,61,43,72,62,79,60,63,79,79,79,85,69,82,82,96,77,87,62,54,44,52,39,39,38,68,39,107,88,92,120,80,82,82,89,89,47,57,0,182,189,216,223,505,514,614,407,549,549,29981,29982,29983,29984]} 1. e4 d5 2. exd5 Qxd5 3. Nf3 Nf6 4. Be2 c6 5. c4 Qd8 6. d4 g6 7. O-O Bg7 8. Nc3 O-O 9. Bg5 Bg4 10. Qd2 Re8 11. Rad1 Nbd7 12. Qf4 Bf5 13. Qh4 a6 14. Rd2 Qa5 15. d5 c5 16. h3 Nb6 17. d6 Nfd7 18. Bxe7 Bxc3 19. bxc3 Qxc3 20. Rfd1 Qg7 21. g4 Be6 22. g5 Rxe7 23. dxe7 Re8 24. Rb1 Rxe7 25. Rxb6 Qa1+ 26. Rd1 Qxa2 27. Rxb7 Qxe2 28. Rb8+ Nf8 29. Rdd8 1-0

[Event "Landesklasse Ost 2024/25"]
[Site "?"]
[Date "2024.11.24"]
[Round "3.5"]
[White "Häusler, Willi"]
[Black "Rudnitzki, Sergej"]
[Result "0-1"]
[WhiteElo "1710"]
[BlackElo "2033"]
[PlyCount "102"]
[EventDate "2024.09.15"]
[EventType "team-tourn"]
[EventRounds "9"]
[WhiteTeam "SV Thuringia Königsee"]
[BlackTeam "SV Empor Erfurt 2"]

1. e4 e5 2. Nf3 Nc6 3. Bb5 a6 4. Ba4 Nf6 5. O-O b5 6. Bb3 Be7 7. Re1 d6 8. c3 O-O 9. h3 Na5 10. Bc2 c5 11. d4 Qc7 12. b3 cxd4 13. cxd4 Nc6 14. a3 Nxd4 15. Nxd4 exd4 16. Bb2 Be6 17. Bxd4 Rac8 18. Nc3 Nd7 19. Nd5 Bxd5 20. exd5 Bf6 21. Rc1 Qb7 22. Be3 Rfe8 23. h4 Re5 24. f4 Re7 25. h5 Rce8 26. Qd3 g6 27. b4 Rxe3 28. Rxe3 Qa7 29. Rce1 Bd4 30. Kh1 Rxe3 31. Rxe3 Bxe3 32. h6 Qd4 33. Qxd4 Bxd4 34. a4 Nb6 35. axb5 axb5 36. Bd3 Nxd5 37. Bxb5 Nxb4 38. g3 g5 39. Kg2 g4 40. Kf1 Nd5 41. Bd7 Nf6 42. Bf5 Kf8 43. Ke2 Ke7 44. Bc8 d5 45. Bf5 Kd6 46. Bc8 Bb6 47. Bf5 Ba5 48. Bc8 Kc5 49. Bf5 Kd4 50. Bc8 Bb4 51. Bf5 Bf8 0-1

[Event "Landesklasse Ost 2024/25"]
[Site "?"]
[Date "2024.11.24"]
[Round "3.6"]
[White "Günther, Oliver"]
[Black "Quandt, Friedbert"]
[Result "1/2-1/2"]
[WhiteElo "1737"]
[BlackElo "1655"]
[PlyCount "54"]
[EventDate "2024.09.15"]
[EventType "team-tourn"]
[EventRounds "9"]
[WhiteTeam "SV Empor Erfurt 2"]
[BlackTeam "SV Thuringia Königsee"]

1. e4 c5 2. c3 g6 3. d4 cxd4 4. cxd4 Bg7 5. Nf3 e6 6. Nc3 a6 7. Be3 Ne7 8. Bd3 b5 9. O-O O-O 10. Qd2 Bb7 11. Bh6 Nbc6 12. Bxg7 Kxg7 13. Rac1 d5 14. e5 Rc8 15. Ne2 Qa5 16. Qxa5 Nxa5 17. b3 Rxc1 18. Rxc1 Rc8 19. Rxc8 Bxc8 20. Kf1 Nac6 21. Ke1 Nb4 22. Bb1 Nbc6 23. Kd2 f6 24. Ke3 fxe5 25. dxe5 h6 26. g4 g5 27. Ned4 Bd7 1/2-1/2

[Event "Landesklasse Ost 2024/25"]
[Site "?"]
[Date "2024.11.24"]
[Round "3.7"]
[White "Margraf, Moritz"]
[Black "Reuter, Luca Marek"]
[Result "0-1"]
[WhiteElo "1522"]
[BlackElo "1732"]
[PlyCount "114"]
[EventDate "2024.09.15"]
[EventType "team-tourn"]
[EventRounds "9"]
[WhiteTeam "SV Thuringia Königsee"]
[BlackTeam "SV Empor Erfurt 2"]

1. d4 Nf6 2. Nf3 c5 3. e3 d5 4. b3 cxd4 5. exd4 Bg4 6. Bb2 e6 7. Bd3 Bb4+ 8. Nbd2 O-O 9. c3 Ba5 10. O-O Nc6 11. Qe1 Qc7 12. Rc1 Rac8 13. Ne5 Nxe5 14. dxe5 Nd7 15. f4 f5 16. exf6 Rxf6 17. Bxh7+ Kxh7 18. Qh4+ Rh6 19. Qxg4 Qb6+ 20. Kh1 Nf6 21. Qf3 Qd6 22. Qd3+ Kg8 23. g3 Bb6 24. Nf3 Ne4 25. Kg2 Qd7 26. Ne5 Qe8 27. Ng4 Rh7 28. h3 Rxh3 29. Kxh3 Qh5+ 30. Kg2 Qxg4 31. Qf3 Qg6 32. Qd3 Qg4 33. Rc2 Rf8 34. c4 Rf5 35. Rh1 Rxf4 36. Rh4 Qxh4 37. gxh4 Rg4+ 38. Kf1 Rg1+ 39. Ke2 Rg2+ 40. Ke1 Rg1+ 41. Qf1 Ba5+ 42. Ke2 Ng3+ 43. Kf2 Bb6+ 44. c5 Rxf1+ 45. Kxg3 Bc7+ 46. Kg2 Rf4 47. Re2 Rxh4 48. Kf3 Rf4+ 49. Kg2 d4 50. Rxe6 Kf7 51. Re2 Kf6 52. Rd2 Be5 53. Rf2 Rxf2+ 54. Kxf2 Ke6 55. Ke2 d3+ 56. Kxd3 Bxb2 57. Ke4 a5 0-1

[Event "Landesklasse Ost 2024/25"]
[Site "?"]
[Date "2024.11.24"]
[Round "3.8"]
[White "Bergmann, Harald"]
[Black "Jahn, Rene"]
[Result "1/2-1/2"]
[WhiteElo "1585"]
[BlackElo "1179"]
[PlyCount "28"]
[EventDate "2024.09.15"]
[EventType "team-tourn"]
[EventRounds "9"]
[WhiteTeam "SV Empor Erfurt 2"]
[BlackTeam "SV Thuringia Königsee"]

{[%evp 0,28,19,28,51,38,68,58,94,75,72,42,63,70,59,44,62,27,34,37,33,45,14,9,58,7,31,40,39,38,38]} 1. e4 d5 2. exd5 Qxd5 3. Nc3 Qd8 4. Nf3 Nf6 5. d3 Bg4 6. Be2 c6 7. Bg5 Nbd7 8. h3 Bxf3 9. Bxf3 h6 10. Bh4 e6 11. O-O Be7 12. Qe2 O-O 13. Bg3 Re8 14. a3 Qb6 1/2-1/2

[Event "Landesklasse Ost 2024/25"]
[Site "?"]
[Date "2024.11.24"]
[Round "3.1"]
[White "Besancon, Pascal"]
[Black "Schulz, Phillip"]
[Result "1-0"]
[WhiteElo "1880"]
[BlackElo "1974"]
[PlyCount "73"]
[EventDate "2024.09.15"]
[EventType "team-tourn"]
[EventRounds "9"]
[WhiteTeam "Schachklub Weida"]
[BlackTeam "TV 1887 Germania Hermsdorf"]

{[%evp 0,73,16,28,54,51,46,-11,24,24,15,6,10,5,39,24,8,7,33,32,52,52,70,85,78,41,128,129,126,127,143,111,125,104,145,121,96,36,36,73,60,79,82,-32,14,-4,32,6,6,2,-3,-3,-6,-13,-38,-45,-45,-59,-101,-137,-126,-130,-133,-131,-135,-128,-130,-130,0,-28,70,67,66,72,85,85]} 1. e4 c5 2. Nc3 Nc6 3. g3 g6 4. Bg2 Bg7 5. Nge2 d6 6. d3 e6 7. Be3 Nge7 8. d4 cxd4 9. Nxd4 Nxd4 10. Bxd4 Bxd4 11. Qxd4 e5 12. Qd2 Qb6 13. O-O-O O-O 14. Qxd6 Nc6 15. Qf6 Be6 16. h4 h5 17. Bh3 Rfe8 18. Bxe6 Rxe6 19. Qf3 Nd4 20. Qe3 Rc8 21. Rd2 Rec6 22. Rhd1 Qa5 23. Rxd4 exd4 24. Rxd4 Qc5 25. Qd2 b5 26. Rd8+ Rxd8 27. Qxd8+ Kg7 28. Qd2 Qc4 29. Qe2 b4 30. Qxc4 Rxc4 31. Ne2 Rxe4 32. Kd2 Kf6 33. Kd3 Ke5 34. f3 Rxe2 35. Kxe2 Kd4 36. Kd2 a5 37. c3+ 1-0

[Event "Landesklasse Ost 2024/25"]
[Site "?"]
[Date "2024.11.24"]
[Round "3.2"]
[White "Wentzel, Florian"]
[Black "Künzel, Andre"]
[Result "1-0"]
[WhiteElo "2032"]
[BlackElo "1940"]
[PlyCount "89"]
[EventDate "2024.09.15"]
[EventType "team-tourn"]
[EventRounds "9"]
[WhiteTeam "TV 1887 Germania Hermsdorf"]
[BlackTeam "Schachklub Weida"]

{[%evp 0,89,32,41,71,70,67,70,87,67,59,52,46,46,41,49,47,43,51,53,61,44,58,40,74,62,40,23,42,37,33,28,41,21,13,-67,-65,-34,-18,-20,-19,-19,-12,-18,-16,-37,-30,-26,-14,-57,-65,-71,-70,-77,-72,-101,-118,-107,-69,-67,-68,-58,-28,-44,-51,-56,0,-52,-35,-42,-42,-61,62,73,87,93,96,116,175,202,207,220,253,265,313,317,322,294,301,313,317,326]} 1. e4 d6 2. d4 Nf6 3. Nc3 e5 4. Nf3 Nbd7 5. Bc4 Be7 6. O-O O-O 7. Re1 c6 8. a4 a5 9. h3 Qc7 10. Bg5 Re8 11. Qb1 Nf8 12. Qa2 Be6 13. Rad1 Bxc4 14. Qxc4 Rac8 15. Bh4 Nh5 16. d5 Ng6 17. Bg3 Nxg3 18. fxg3 Qb6+ 19. Kh2 cxd5 20. Nxd5 Rxc4 21. Nxb6 Rxc2 22. Rd2 Rc6 23. Nd5 Bf8 24. Re3 Ne7 25. Rb3 Nxd5 26. Rxd5 b6 27. Rdb5 Rc4 28. Re3 Rb8 29. b3 Rc2 30. Rd3 Re2 31. Nd2 Rc8 32. Nc4 Rc6 33. Rxb6 Rxb6 34. Nxb6 Rxe4 35. Nc4 Rd4 36. Rxd4 exd4 37. Kg1 d5 38. Nxa5 d3 39. Kf1 Bd6 40. Nc6 Kf8 41. a5 Ke8 42. a6 Bc5 43. a7 Bxa7 44. Nxa7 Kd7 45. Ke1 1-0